| 000 | 00863nam a22002297a 4500 | ||
|---|---|---|---|
| 005 | 20090826110040.0 | ||
| 008 | 090826t xxu||||| |||| 00| 0 eng d | ||
| 010 | _aENG-94887 | ||
| 020 |
_a9788178791371 _c140.00 |
||
| 020 |
_a8178791374 _c140.00 |
||
| 035 | _aEN-78420 | ||
| 037 | _bDBAD / PUB | ||
| 040 |
_adpl _bEnglish |
||
| 082 | _a796.346 | ||
| 245 |
_aTable tennis rule book 2009 / _cedited & compiled by Anoop Jain |
||
| 260 |
_aNew Delhi _bSports Publication _c2009 |
||
| 270 |
_a7/26, Gound Floor, Ansari Road, Darya Ganj, _bNew Delhi _e110002 |
||
| 300 |
_a72p. : _c22cm(Hb) _bill. |
||
| 700 | _aJain, Anoop | ||
| 942 |
_2ddc _cEN _mTAB _h796.346 |
||
| 999 |
_c29612 _d29612 |
||